000 00343nam a22001337a 4500
999 _c15439
_d15439
020 _a9781587160080
082 _a664
_bRAM/FO
100 _aRamaswamy ,Hosahalli .
_93139
245 _aFood processing /
260 _aBoca Raton ;
_bTaylor and francis group ,
_c2006 .
300 _a420 ; .
700 _aMarcotte , michele .
_93140
942 _cBK